Morning Girl / (Record no. 576)

MARC details
000 -LEADER
fixed length control field 01069cam a2200289 a 4500
005 - DATE AND TIME OF LATEST TRANSACTION
control field 20231211150312.0
020 ## - INTERNATIONAL STANDARD BOOK NUMBER
International Standard Book Number 1562822845
020 ## - INTERNATIONAL STANDARD BOOK NUMBER
International Standard Book Number 1562822853 (lib. bdg.)
040 ## - CATALOGING SOURCE
Original cataloging agency DLC
Transcribing agency DLC
Modifying agency DLC
-- OCoLC
050 00 - LIBRARY OF CONGRESS CALL NUMBER
Classification number PZ7.D7287
Item number Mo 1992
082 00 - DEWEY DECIMAL CLASSIFICATION NUMBER
Classification number [Fic]
Edition number 20
100 1# - MAIN ENTRY--PERSONAL NAME
Personal name Dorris, Michael.
245 10 - TITLE STATEMENT
Title Morning Girl /
Statement of responsibility, etc. Michael Dorris.
260 ## - PUBLICATION, DISTRIBUTION, ETC.
Place of publication, distribution, etc. New York :
Name of publisher, distributor, etc. Hyperion Books for Children,
Date of publication, distribution, etc. 1992.
300 ## - PHYSICAL DESCRIPTION
Extent 74 pages ;
Dimensions 20 cm.
505 ## - FORMATTED CONTENTS NOTE
Formatted contents note U
520 ## - SUMMARY, ETC.
Summary, etc. Morning Girl, who loves the day, and her younger brother Star Boy, who loves the night, take turns describing their life on an island in pre-Columbian America; in Morning Girl's last narrative, she witnesses the arrival of the first Europeans to her world.
521 ## - TARGET AUDIENCE NOTE
Target audience note DOR Fic PZ7.D72
650 #0 - SUBJECT ADDED ENTRY--TOPICAL TERM
Topical term or geographic name entry element Arawak Indians
General subdivision Juvenile fiction.
650 #1 - SUBJECT ADDED ENTRY--TOPICAL TERM
Topical term or geographic name entry element Arawak Indians
General subdivision Fiction.
650 #1 - SUBJECT ADDED ENTRY--TOPICAL TERM
Topical term or geographic name entry element Indians of the West Indies
General subdivision Fiction.
650 #1 - SUBJECT ADDED ENTRY--TOPICAL TERM
Topical term or geographic name entry element Siblings
General subdivision Fiction.
655 #7 - INDEX TERM--GENRE/FORM
Genre/form data or focus term Historical fiction.
Source of term gsafd
906 ## - LOCAL DATA ELEMENT F, LDF (RLIN)
a 7
b cbc
c orignew
d 1
e ocip
f 19
g y-gencatlg
942 ## - ADDED ENTRY ELEMENTS (KOHA)
Source of classification or shelving scheme Dewey Decimal Classification
Koha item type Books
Suppress in OPAC No
999 ## -
-- 576
-- 576
Holdings
Withdrawn status Lost status Source of classification or shelving scheme Damaged status Not for loan Collection Home library Current library Shelving location Date acquired Total Checkouts Full call number Barcode Date last seen Price effective from Koha item type
    Dewey Decimal Classification     Fiction Footprints International School Library Network Toul Kork Campus Footprints International School Library Network Toul Kork Campus   06/16/2023   DOR Fic PZ7.D72 FISTK00037 06/16/2023 06/16/2023 Books